| 000 | 00478nam a2200193Ia 4500 | ||
|---|---|---|---|
| 003 | OSt | ||
| 005 | 20250925103813.0 | ||
| 008 | 250729s2005 xx 000 0 und d | ||
| 020 | _a9788171696086 | ||
| 040 | _cAL | ||
| 041 | _aeng | ||
| 082 | _a370 NARE | ||
| 100 |
_aNarula Manju _9222758 |
||
| 245 | _aEffective teaching in higher education | ||
| 260 |
_aNew Delhi _bCommonwealth Publishers _c2005 |
||
| 300 | _a244p | ||
| 650 |
_aEducation _9222759 |
||
| 942 |
_2ddc _cBED |
||
| 999 |
_c235597 _d235597 |
||